000 01091nam a2200205Ii 4500
003 JO-AjNU
008 230605s9999||||xx |||||||||||||| ||und||
017 _a1987/12/576
040 _aJO-AjNU
_bara
_erda
_cJO-AjNU
041 _aara
050 1 4 _aBP173.3.J3764 1988
100 3 _aالجراجرة، عيسى حسن ؛ تقديم: جاد الحق علي جاد الحق ، عبد العزيز الخياط ؛ مراجعة: هناء بدر السلطي,
_eauthor
_940197
245 0 0 _aريادة الاسلام في تفهم خصوصية عالم الأطفال وفي تقرير وتطبيق حقوقهم الخاصة في الرعاية والتربية
264 3 1 _aعمان: المؤلف، دار ابن رشد، دار الكرمل، 1988
300 _a279ص
_bملحق خاص (ص179-266) ؛ كشاف محتويات الملحق(ص267-279)
336 _atext
_btxt
_2rdacontent
337 _aunmediated
_bn
_2rdamedia
338 _avolume
_bnc
_2rdacarrier
650 4 _aالاطفال في الاسلام- التربية الاسلامية- الاخلاق الاسلامية
_940198
999 _aA17038
_c20606
_d20606